[Event "Anapa Sea Harbor op"]
[Site "Anapa"]
[Date "2023.06.04"]
[Round "3"]
[White "Lopin, Egor"]
[Black "Kirillov, Nikolay"]
[Result "1-0"]
[WhiteElo "1481"]
[BlackElo "1869"]
[PlyCount "89"]
[EventDate "2023.06.02"]
[EventType "swiss"]
[EventRounds "9"]
[EventCountry "RUS"]
[SourceTitle "CBM 214 Extra"]
[Source "ChessBase"]
[SourceDate "2023.07.31"]
[SourceVersion "1"]
[SourceVersionDate "2023.07.31"]
[SourceQuality "1"]

1. d4 d5 2. c4 e6 3. Nf3 Nf6 4. Nc3 c6 5. cxd5 exd5 6. h3 Bd6 7. e3 Bf5 8. Be2 h6 9. Bd2 Nbd7 10. 0-0 0-0 11. Na4 Ne4 12. b4 b5 13. Nc5 Ndxc5 14. dxc5 Bc7 15. Nd4 Bd7 16. a4 a6 17. Be1 Qg5 18. f4 Qe7 19. Kh1 g6 20. Nf3 Rfe8 21. Bd3 Bf5 22. Nd4 Bd7 23. Qc2 Qd8 24. Rf3 Qc8 25. Bc3 Bd8 26. Bb2 Bf6 27. a5 Bg7 28. Ne2 Qd8 29. Bxg7 Kxg7 30. Nd4 Qf6 31. Rd1 Re7 32. Kh2 Rae8 33. Rc1 Qh4 34. Kg1 Ng3 35. Qf2 Rxe3 36. Rxe3 Rxe3 37. Qxe3 Bxh3 38. gxh3 Qxh3 39. Qf3 Qh4 40. Rc2 Nh5 41. Rf2 Qf6 42. Nf5+ Kh7 43. Ng3 Ng7 44. Qe3 Ne6 45. f5 1-0

[Event "Anapa Sea Harbor Cup"]
[Site "Anapa"]
[Date "2022.06.02"]
[Round "1"]
[White "Petrov, Nikita"]
[Black "Kirillov, Nikolay"]
[Result "1-0"]
[WhiteElo "2561"]
[BlackElo "1911"]
[PlyCount "64"]
[EventDate "2022.06.02"]
[EventType "swiss"]
[EventRounds "9"]
[EventCountry "RUS"]
[SourceTitle "CBM 208 Extra"]
[Source "ChessBase"]
[SourceDate "2022.07.31"]
[SourceVersion "1"]
[SourceVersionDate "2022.07.31"]
[SourceQuality "1"]

1. e4 c6 2. d4 d5 3. e5 Bf5 4. h4 h6 5. g4 Bh7 6. e6 fxe6 7. Bd3 Bxd3 8. Qxd3 Qd6 9. f4 Nd7 10. Nf3 0-0-0 11. Ne5 Nxe5 12. fxe5 Qb4+ 13. c3 Qb6 14. Nd2 Nf6 15. exf6 exf6 16. Nb3 Bd6 17. Be3 Bg3+ 18. Kd1 Qc7 19. Kc2 e5 20. Rag1 e4 21. Qf1 Bd6 22. Nc5 Rde8 23. b4 Kb8 24. a4 Rhf8 25. Qf5 Bxc5 26. dxc5 Qf7 27. Bd4 Ka8 28. g5 Qh5 29. Qg4 Qxg4 30. Rxg4 hxg5 31. hxg5 f5 32. Rf4 g6 1-0

[Event "Anapa Sea Harbor Cup Blitz"]
[Site "Anapa"]
[Date "2021.06.13"]
[Round "8"]
[White "Kirillov, Nikolay"]
[Black "Goganov, Aleksey"]
[Result "0-1"]
[WhiteElo "1953"]
[BlackElo "2581"]
[PlyCount "63"]
[EventDate "2021.06.13"]
[EventType "swiss (blitz)"]
[EventRounds "13"]
[EventCountry "RUS"]
[SourceTitle "CBM 202 Extra"]
[Source "ChessBase"]
[SourceDate "2021.07.31"]
[SourceVersion "1"]
[SourceVersionDate "2021.07.31"]
[SourceQuality "1"]

1. d4 Nf6 2. Nf3 d5 3. Bf4 c5 4. c3 Nc6 5. e3 e6 6. h3 Bd6 7. Bxd6 Qxd6 8. Nbd2 0-0 9. Be2 e5 10. dxe5 Nxe5 11. Nxe5 Qxe5 12. Nf3 Qe7 13. 0-0 b6 14. a4 a5 15. Qc2 Bb7 16. Rad1 Rad8 17. Qf5 Rd6 18. Bb5 Rfd8 19. Rfe1 Ne4 20. Rf1 Rf6 21. Qe5 Re6 22. Qf5 Rg6 23. Kh2 Nd6 24. Qe5 Re6 25. Qg5 f6 26. Qg3 Nxb5 27. axb5 Qe8 28. Qg4 Re4 29. Qg3 Qxb5 30. Qc7 Rd7 31. Qb8+ Kf7 32. Nd2 0-1

[Event "Anapa Sea Harbor Cup"]
[Site "Anapa"]
[Date "2021.06.03"]
[Round "2"]
[White "Kirillov, Nikolay"]
[Black "Afanasiev, Nikita"]
[Result "0-1"]
[WhiteElo "1953"]
[BlackElo "2542"]
[PlyCount "70"]
[EventDate "2021.06.02"]
[EventType "swiss"]
[EventRounds "9"]
[EventCountry "RUS"]
[SourceTitle "CBM 202 Extra"]
[Source "ChessBase"]
[SourceDate "2021.07.31"]
[SourceVersion "1"]
[SourceVersionDate "2021.07.31"]
[SourceQuality "1"]

1. d4 e6 2. c4 b6 3. Nf3 Bb7 4. e3 Nf6 5. Be2 Bb4+ 6. Nbd2 0-0 7. 0-0 Qe7 8. a3 Bxd2 9. Nxd2 c5 10. b3 cxd4 11. exd4 Nc6 12. Bb2 d5 13. Re1 Rfd8 14. Bf3 dxc4 15. Nxc4 Na5 16. Nxa5 bxa5 17. Bc3 Bxf3 18. Qxf3 Qc7 19. Qg3 Qb6 20. Rab1 Rd5 21. a4 h6 22. h3 Rad8 23. Re5 Rxe5 24. Qxe5 Rd5 25. Qe3 Rg5 26. Bd2 Qb7 27. f3 Nd5 28. Qd3 Rg6 29. Re1 Qc7 30. Qe4 Qg3 31. Re2 f5 32. Qe5 Qxf3 33. Qb8+ Kh7 34. Rf2 Qxh3 35. Qe8 Qxb3 0-1

[Event "Dmitrov op"]
[Site "Dmitrov"]
[Date "2012.07.29"]
[Round "8"]
[White "Kirillov, Nikolay"]
[Black "Volkov, Sergei"]
[Result "1/2-1/2"]
[WhiteElo "2061"]
[BlackElo "2136"]
[PlyCount "20"]
[EventDate "2012.07.25"]
[EventType "swiss"]
[EventRounds "9"]
[EventCountry "RUS"]
[SourceTitle "CBM 149 Extra"]
[Source "ChessBase"]
[SourceDate "2012.08.24"]
[SourceVersion "1"]
[SourceVersionDate "2012.08.24"]
[SourceQuality "1"]

1. d4 d5 2. c4 e6 3. Nc3 Nf6 4. Bf4 c6 5. c5 Be7 6. e3 Nbd7 7. h3 Nf8 8. Nf3 Ng6 9. Bh2 0-0 10. Be2 b6 1/2-1/2

[Event "Dmitrov op"]
[Site "Dmitrov"]
[Date "2012.07.27"]
[Round "5"]
[White "Kirillov, Nikolay"]
[Black "Rudenok, Tatiana"]
[Result "1-0"]
[WhiteElo "2061"]
[BlackElo "2023"]
[PlyCount "71"]
[EventDate "2012.07.25"]
[EventType "swiss"]
[EventRounds "9"]
[EventCountry "RUS"]
[SourceTitle "CBM 149 Extra"]
[Source "ChessBase"]
[SourceDate "2012.08.24"]
[SourceVersion "1"]
[SourceVersionDate "2012.08.24"]
[SourceQuality "1"]

1. d4 Nf6 2. c4 e6 3. Nc3 Bb4 4. Qc2 0-0 5. e4 Nc6 6. Nf3 d6 7. a3 Bxc3+ 8. bxc3 e5 9. Bd3 Bg4 10. Be3 Nd7 11. Nd2 Nb6 12. f3 Bd7 13. g4 Qh4+ 14. Bf2 Qe7 15. h4 Nd8 16. d5 f6 17. Nf1 Kf7 18. Ne3 Ke8 19. Nf5 Bxf5 20. gxf5 Kd7 21. Rg1 Rg8 22. a4 Kc8 23. Qb3 Nd7 24. c5 Nxc5 25. Bxc5 dxc5 26. d6 Qxd6 27. Bc4 Rh8 28. Rxg7 Qf8 29. Be6+ Kb8 30. Rd7 Qh6 31. Ke2 Qxh4 32. Qd5 Qh2+ 33. Kd3 Nc6 34. Qxc6 bxc6 35. Rb1+ Kc8 36. Rd6# 1-0

[Event "Dmitrov Summer op"]
[Site "Dmitrov"]
[Date "2008.07.27"]
[Round "9"]
[White "Azizov, Timur"]
[Black "Kirillov, Nikolay"]
[Result "1-0"]
[WhiteElo "2088"]
[BlackElo "2020"]
[PlyCount "59"]
[EventDate "2008.07.21"]
[EventType "swiss"]
[EventRounds "9"]
[EventCountry "RUS"]
[SourceTitle "EXT 2022"]
[Source "ChessBase"]
[SourceDate "2021.10.06"]
[SourceVersion "1"]
[SourceVersionDate "2021.10.06"]
[SourceQuality "1"]

1. d4 Nf6 2. c4 e5 3. dxe5 Ng4 4. e4 Nxe5 5. f4 Nec6 6. Be3 d6 7. Nf3 Nd7 8. Nc3 Nf6 9. Bd3 Bd7 10. 0-0 Be7 11. Nd5 0-0 12. Re1 Re8 13. Qc2 h6 14. a3 a5 15. c5 Bf8 16. cxd6 Bxd6 17. Nxf6+ gxf6 18. Qf2 f5 19. e5 Bf8 20. Rad1 Qc8 21. Qh4 Be6 22. Qh5 Rd8 23. Bc2 b6 24. Rxd8 Qxd8 25. Bxf5 Qe8 26. Bxe6 Qxe6 27. f5 Qd5 28. Bxh6 Nd4 29. Qg4+ Kh7 30. Ng5+ 1-0